Clima laboral en el área de atención al personal docente por parte de los directores escolares de los municipios de San Rafael Cedros y el Carmen, Departamento de Cuscatlan (Registro nro. 28434)

Detalles MARC
000 -CABECERA
Longitud fija campo de control 01135nam a22002177a 4500
003 - IDENTIFICADOR DELl NÚMERO DE CONTROL
Identificador del número de control OSt
005 - FECHA Y HORA DE LA ÚLTIMA TRANSACCIÓN
Fecha y hora de la última transacción 20170921144728.0
008 - CÓDIGOS DE INFORMACIÓN DE LONGITUD FIJA
Códigos de información de longitud fija 150407b xxu||||| |||| 00| 0 eng d
040 ## - FUENTE DE LA CATALOGACIÓN
Centro transcriptor CRI
082 ## - NÚMERO DE LA CLASIFICACIÓN DECIMAL DEWEY
Númeroo de clasificación 650.1
100 ## - PUNTO DE ACCESO PRINCIPAL-NOMBRE DE PERSONA
9 (RLIN) 41897
Nombre de persona Torres Torres, María Inés
245 10 - MENCIÓN DE TÍTULO
Título Clima laboral en el área de atención al personal docente por parte de los directores escolares de los municipios de San Rafael Cedros y el Carmen, Departamento de Cuscatlan
Resto del título : Proyecto
Mención de responsabilidad, etc. María Inés Torres Torres, Rosmery Guadalupe Gómez Chopin, Claudia María Romero Villacorta
260 ## - PUBLICACIÓN, DISTRIBUCIÓN, ETC. (PIE DE IMPRENTA)
Lugar de publicación, distribución, etc. Ilobasco (Cabañas)
Nombre del editor, distribuidor, etc. Universidad Católica de El Salvador
Fecha de publicación, distribución, etc. 2016
300 ## - DESCRIPCIÓN FÍSICA
Extensión 43 p.
Dimensiones 28 cm
Material anejo + 1 disco compacto
502 ## - NOTA DE TESIS
Nota de tesis Trabajo de graduación para optar al grado académico de Licenciada en Ciencias de la Educación con Especialidad en Dirección y Administración Escolar.
650 #0 - PUNTO DE ACCESO ADICIONAL DE MATERIA - TÉRMINO DE MATERIA
9 (RLIN) 5707
Término de materia o nombre geográfico como elemento inicial Organización del trabajo
700 ## - PUNTO DE ACCESO ADICIONAL - NOMBRE DE PERSONA
9 (RLIN) 41898
Nombre de persona Gómez Chopin, Rosmery Guadalupe
700 ## - PUNTO DE ACCESO ADICIONAL - NOMBRE DE PERSONA
9 (RLIN) 41899
Nombre de persona Romero Villacorta, Claudia María
710 ## - PUNTO DE ACCESO ADICIONAL - NOMBRE DE ENTIDAD
9 (RLIN) 40915
Nombre de entidad o nombre de jurisdicción como elemento inicial Universidad Católica de El Salvador
Unidad subordinada Centro Regional de Ilobasco
942 ## - ENTRADA DE ELEMENTOS AGREGADOS (KOHA)
Fuente de clasificaión o esquema Dewey Decimal Classification
Koha [por defecto] tipo de item 4- Trabajo de Graduación
Parte de clasificación prozim
Existencias
Suprimido Perdido Fuente de clasificación o esquema Estropeado Restricciones de uso No para préstamo Código de colección Localización permanente Localización actual Localización en estanter&íacute;as Fecha adquisición Fuente de adquisición Número de inventario Préstamos totales Signatura completa Código de barras Fecha última consulta Fecha último préstamo Fecha del precio de reemplazo Tipo de item de Koha
NULL NULL Dewey Decimal Classification NULL Prestable NULL NULL Biblioteca Centro Regional de Ilobasco Biblioteca Centro Regional de Ilobasco Sala Principal 15/08/2017 Donado por: María Inés Torres y equipo de trabajo 000069 4 PR-000069 1042541 04/12/2019 30/11/2019 21/09/2017 4- Trabajo de Graduación